000 01943cam a22004574i 4500
003 PE-LiUPU
005 20250731172921.0
008 150623s r 000 0 d
020 _a8471519496
035 _a(Sirsi) i9788471519498
040 _aPE-LiUPU
_bspa
_cPE-LiUPU
_erda
049 _aPRUA
082 0 4 _a261.2
_bG18
_221
100 1 _aGalindo, Florencio,
_d1928-,
_eautor.
245 1 3 _aEl fenomeno de las sectas fundamentalistas; la conquista evangélica de América Latina /
_cFlorencio Galindo.
264 1 _aEstella, España :
_bEditorial Verbo Divino,
_c1994.
300 _a463 páginas ;
_c22 centímetros
336 _atext
_2rdacontent
337 _aunmediated
_2rdamedia
338 _avolume
_2rdacarrier
504 _aIncluye bibliografía.
505 0 _aConceptos sociológicos, tipología. -Catolicismo latinoamericano, el protestantismo con alternativa?. -Evangelicalismo, fundamentalismo y pentecostalismo: El protestantismo americano. -Ambigüedad de las primeras campañas misioneras protestantes en américa latina. -El fundamentalismo militante. -Presencia e influjo del fundamnetalismo en américa latina. -Grupos y organizaciones que difunden el fundamentalismo en américa latina. -El reto a la iglesia católica.
526 _aSEG42
526 _aSEG41
526 _aSEG40
526 _aSEG39
526 _aP94
526 _aP87
526 _aP86
526 _aP85
526 _aP77
526 _aP76
526 _aP35
650 0 4 _aProtestantismo
_xAmérica latina.
942 _2ddc
_cBOOK
949 _a261.2 G18
_wDEWEY
_c1
_i43741
_lCCODEBUL1
_mBUL
_r0
_sY
_tBOOK
_u2015-6-24
_xTEOLOGIA
_PP35
_0COMPRA
_o.STAFF. Colección General
994 _aC0
_bPEPRU
596 _a1
999 _a261.2 G18
_wDEWEY
_c20141
_i43741
_f2021-11-12
_g5
_lCCODEBUL1
_mBUL
_r0
_sY
_tBOOK
_u2015-6-24
_xTEOLOGIA
_PP35
_0COMPRA
_o.STAFF. Colección General
_d20141
980 _81
_gALBERTO SANCHEZ Responsable de Automatización